La Província de Barcelona : territori i economia = The province of Barcelona : territory and economy territori i economia = The province of Barcelona :
ISBN:
84-7794-323-0
Descripción Física:
37 p. : il. ; 18 x 25 cm
MARC
| LEADER | 00000nam a2200000Ia 4500 | ||
|---|---|---|---|
| 001 | 10761 | ||
| 008 | 160829s1994 xx 000 0 cat d | ||
| 020 | |a 84-7794-323-0 | ||
| 080 | |a FU-12-1 | ||
| 245 | |a La Província de Barcelona : |b territori i economia = The province of Barcelona : |b territory and economy | ||
| 250 | |a Ed. no venal | ||
| 260 | |a Barcelona : |b Diputació de Barcelona. Servei de Promoció Econòmica, |c 1994 | ||
| 300 | |a 37 p. : |b il. ; |c 18 x 25 cm | ||
| 651 | 0 | |a Barcelona (Catalunya : Província) |x Condicions econòmiques |9 54161 | |
| 710 | |a Barcelona (Catalunya : Província). |b Servei de Promoció Econòmica |9 53915 | ||
| 901 | |a Arxiu | ||
| 942 | |n 1 | ||
| 952 | |0 0 |1 0 |4 0 |6 FU121 |7 1 |9 44208 |a Arxiu |b Arxiu |d 2016-12-01 |l 0 |o FU-12-1 |p 10761 |r 2016-12-01 00:00:00 |w 2016-12-01 |y ARXIU | ||
| 999 | |c 46788 |d 46788 | ||